000 00422nam a2200157 a 4500
001 000035464
005 20200930074348.0
008 111101s1995 sp 000 0 spa d
020 _a842061291x
040 _aDO-SdBNP
_bspa
_cBNPHU
082 _axxxx
_bxxxx
100 1 _aHammett, Dashiell
_961317
245 1 3 _aEl hombre delgado /
_cDashiell Hammett.
260 _aMadrid, :
_bAlianza,
_c1995.
300 _a237 p. ;
_c18 cm.
999 _c34955
_d34955